LEADER 05808nam 2200637 450 001 9910811411403321 005 20230124192947.0 010 $a3-03826-737-6 035 $a(CKB)3710000000321535 035 $a(EBL)1912651 035 $a(SSID)ssj0001431723 035 $a(PQKBManifestationID)11818363 035 $a(PQKBTitleCode)TC0001431723 035 $a(PQKBWorkID)11389411 035 $a(PQKB)11050482 035 $a(Au-PeEL)EBL1912651 035 $a(CaPaEBR)ebr11001187 035 $a(OCoLC)899942219 035 $a(MiAaPQ)EBC1912651 035 $a(EXLCZ)993710000000321535 100 $a20150117h20152015 uy 0 101 0 $aeng 135 $aur|n|---||||| 181 $ctxt 182 $cc 183 $acr 200 00$a2014 China functional materials technology and industry forum $eselected, peer reviewed papers from the 2014 China Functional Material Technology and Industry Forum (CFMTIF 2014), August 26-28, 2014, Xi'an, China /$fedited by Guangming Zhao [and six others] 210 1$aPfaffikon, Switzerland :$cTrans Tech Publications Ltd,$d2015. 210 2$aPfaffikon, Switzerland ;$aEnfield, New Hampshire :$cTrans Tech Publications Ltd :$cTrans Tech Publications Inc.,$d[date of distribution not identified] 210 4$d©2015 215 $a1 online resource (938 p.) 225 1 $aMaterials Science Forum,$x1662-9752 ;$vVolume 809-810 300 $aDescription based upon print version of record. 311 $a3-03835-352-3 320 $aIncludes bibliographical references at the end of each chapters and indexes. 327 $a2014 China Functional Materials Technology and Industry Forum; Preface, Committees and Sponsors; Table of Contents; Chapter 1: Nanoscale Materials and Nanocomposites; Thermoelectric Properties of Binary-Phased Nanocomposites; Effect of Additives on the Formation of SmCo Magnetic Nanoparticles by Chemical Synthesis; Research Development of Preparation Technology of BaTiO3 Nano-Power; Synthesis of PbS Nanocrystals by Heterogeneous Reaction; Lubrication Mechanism of Nanoparticles in Metal Hot Deformation; The Preparation and Photo-Thermal Property of Ag2S Nanomaterials 327 $aMultiwalled Carbon Nanotubes Covered with Cobalt (II) Phthalocyanine by In Situ Synthesis and its Electrochemical Sensing Performance towards DA and UAMild and Low-Cost Synthetic Process for Monodispersive Platinum Nanoparitcles on Carbon Aerogel; Synthesis and Characterization of Poly(2-acrylamido-2-methyl propyl sulfonic acid-co-2-hydroxyethyl methclate)/ Silver Nanoparticle Composite Hydrogel as Catalysts for the Reduction of 4-Nitrophenol; Synthesis and Optical Property of ?-In2S3 Nanorods; Preparation of Chromium Nitride Nanopowders Using High Pressure Gas-Solid Reaction Bed 327 $aPreparation of Silver Nanoparticles in Water-Alcohol MedieaNew Preparation Method and Characterization of Nanosilver; Influence of Nd Doping on the Magnetic Properties of Nd2Fe14B/?-Fe Nanocomposite Magnets; Influence of Fabrication Parameter on the Nanostructure of SiNWs under HF/AgNO3/Fe(NO3)3 Etching System; Giant Magnetoimpedance in Fe73.5Cu1Nb2V1Si13.5B9 Nanocrystalline Ribbons; Preparation and Performance of Polypropylene/Modified Carbon Fibers by Physical Blending Method; One-Step Preparation of Nanoparticulate TbFeO3 by Microwave Process and its Visible-Light Photocatalytic Activity 327 $aNanoscale Hollow-Bubbly Polypyrrole Obtained via Interfacial Polymerization with Phase Transfer CatalystInfluences of Reaction Temperature on Structure and Performances of SnO2 Nanocrystals Prepared by Microwave Hydrothermal Method; Chiral Resolution of Ofloxacin Using Carboxylated Multi-Walled Carbon Nanotubes Mediated Thin-Layer Chromatography; Lawson Cypress Leaf-Like ZnO Hierarchical Nanostructures by Self-Assembly; Research on Preparation of Barium Titanate Nano Powder by Sol-Gel; Preparation of Nanoparticulate ErFeO3 by Microwave Assisted Process and its Photocatalytic Activity 327 $aMultifunctionalities of Nanocarbon Materials Filled Cement-Based CompositesEffect of Nano-Magnesium on the Thermal Decomposition of PTFE; Synthesis and Properties of Nano-TiO2 Modified Fluorine-Containing Polyacrylate Soap-Free Emulsion; Fabrication of Highly Hydrophobic Polyurethane Foam for the Oil-Absorption Application; Effects of Carboxyl Functionalized Carbon Nanotube on the Tensile Strength and Wear Resistance of Epoxy Composites; Improved Low Temperature Solution Synthesis of Silicon Nanoparticles for Lithium-Ion Batteries 327 $aSynthesis of Highly-Ordered V2O5 Nanowires by AAO Template and its Electrocatalytic Activity for Dopamine Electro-Oxidation 330 $aCollection of selected, peer reviewed papers from the 2014 China Functional Material Technology and Industry Forum (CFMTIF 2014), August 26-28, 2014, Xi'an, China. The 149 papers are grouped as follows: Chapter 1: Nanoscale Materials and Nanocomposites; Chapter 2: Microscale Materials and Thick Films; Chapter 3: Polymer Materials; Chapter 4: Metallic Materials and Alloys; Chapter 5: Composites; Chapter 6: Biomaterials; Chapter 7: Thin Film and Coating Materials; Chapter 8: Optical, Electrical and Sensing Material Properties; Chapter 9: Energy Materials; Chapter 10: Natural and Environmental Ma 410 0$akMaterials science forum ;$vVolume 809-810. 606 $aNanostructured materials$vCongresses 606 $aMaterials science$vCongresses 615 0$aNanostructured materials 615 0$aMaterials science 676 $a620.11 702 $aZhao$b Guangming 801 0$bMiAaPQ 801 1$bMiAaPQ 801 2$bMiAaPQ 906 $aBOOK 912 $a9910811411403321 996 $a2014 China functional materials technology and industry forum$94037722 997 $aUNINA LEADER 03476oas 2201297 a 450 001 9910146788103321 005 20251106213014.0 011 $a1747-7379 035 $a(DE-599)ZDB2052202-2 035 $a(OCoLC)47075739 035 $a(CONSER) 2001227200 035 $a(CKB)954925492907 035 $a(EXLCZ)99954925492907 100 $a20010606a19669999 sy a 101 0 $aeng 135 $aurcn||||||||| 181 $ctxt$2rdacontent 182 $cc$2rdamedia 183 $acr$2rdacarrier 200 14$aThe international migration review 210 $aStaten Island, N.Y. $cCenter for Migration Studies$d1966- 210 3 $a[Thousand Oaks, Calif.] $cSage Publications 300 $aRefereed/Peer-reviewed 311 08$a0197-9183 517 1 $aIMR 606 $aEmigration and immigration$vPeriodicals 606 $aE?migration et immigration$vPe?riodiques 606 $aDroit de migration$2eclas 606 $aAsile politique$2eclas 606 $aPolitique migratoire$2eclas 606 $amigration control$2eurovocen 606 $aright of asylum$2eurovocen 606 $aasylum seeker$2eurovocen 606 $aintegration of migrants$2eurovocen 606 $amigration policy$2eurovocen 606 $aEmigration and immigration$2fast$3(OCoLC)fst00908690 606 $aImmigration$2rasuqam 606 $aMigration internationale$2rasuqam 606 $aRe?fugie?$2rasuqam 606 $aMigració (Població)$2thub 608 $aPeriodical. 608 $aperiodicals.$2aat 608 $aPeriodicals.$2fast 608 $aPeriodicals.$2lcgft 608 $aPe?riodique e?lectronique (Descripteur de forme)$2rasuqam 608 $aRessource Internet (Descripteur de forme)$2rasuqam 608 $aPe?riodiques.$2rvmgf 608 $aRevistes electròniques.$2thub 615 0$aEmigration and immigration 615 6$aE?migration et immigration 615 7$aDroit de migration. 615 7$aAsile politique. 615 7$aPolitique migratoire. 615 7$amigration control. 615 7$aright of asylum. 615 7$aasylum seeker. 615 7$aintegration of migrants. 615 7$amigration policy. 615 7$aEmigration and immigration. 615 7$aImmigration. 615 17$aMigration internationale. 615 7$aRe?fugie? 615 7$aMigració (Població) 676 $a325.05 712 02$aCenter for Migration Studies (U.S.), 712 02$aCentro studi emigrazione, 801 0$bEYM 801 1$bEYM 801 2$bOCLCQ 801 2$bOCL 801 2$bUQ1 801 2$bOCLCQ 801 2$bAGL 801 2$bOCLCQ 801 2$bJ9U 801 2$bOCLCO 801 2$bOCLCQ 801 2$bOCLCO 801 2$bDLC 801 2$bOCLCF 801 2$bOCLCA 801 2$bOCLCO 801 2$bVT2 801 2$bOCLCQ 801 2$bDEBBG 801 2$bNLE 801 2$bGILDS 801 2$bOCLCO 801 2$bDLC 801 2$bUKMGB 801 2$bOCLCQ 801 2$bUUM 801 2$bU3W 801 2$bNJT 801 2$bSFB 801 2$bUWK 801 2$bCGU 801 2$bDLC 801 2$bOCLCQ 801 2$bOCLCO 801 2$bOCLCQ 801 2$bIOY 801 2$bQGK 801 2$bSXB 801 2$bUBY 801 2$bOCLCL 801 2$bOCLCQ 906 $aJOURNAL 912 $a9910146788103321 996 $aThe international migration review$92015267 997 $aUNINA